000 00648nam a2200193 i 4500
001 41090
003 ES-MaACL
005 20230906160355.0
007 t|
008 030307s1874 sp ||||1| spa d
100 1 _aCascales, Francisco.
_936268
245 1 0 _aDiscursos históricos, de la muy noble y muy leal ciudad de Murcia y su reino /
_cel licenciado Francisco Cascales ; publicada por Miguel Gómez y Olmos.
250 _a3ª ed.
260 _aMurcia :
_bMiguel Gómez y Olmos,
_c1874.
300 _aXXIV, 566 p. ;
_c32 cm.
651 4 _aMurcia-
_xHistoria.
_99094
700 1 _aGómez y Olmos, Miguel.
_958193
852 _aES-MaACL
_jG-5010
999 _c41090
_d41090